DTM Fahrer 2004 - Statistiken

Allgemein
  • Dieses Quiz wurde 6 mal gespielt
  • Das Durchschnittsergebnis liegt bei 10 aus 23
Antwortstatistiken
Team Nummer Marke Nation Fahrer % Korrekt
Audi Sport Team Abt 5 Audi Schweden Mattias Ekström
100%
Vodafone AMG-Mercedes 1 Mercedes Deutschland Bernd Schneider
80%
OPC Team Holzer 15 Opel Deutschland Timo Scheider
80%
Audi Sport Team Abt Sportsline 11 Audi Deutschland Christian Abt
60%
Audi Sport Infineon Team Joest 45 Audi Deutschland Frank Biela
60%
AMG-Mercedes 7 Mercedes Großbritannien Gary Paffett
60%
OPC Team Phoenix(10) 4 Opel Frankreich Laurent Aiello
60%
Audi Sport Team Abt Sportsline 12 Audi Dänemark Tom Kristensen
60%
Sonax Dark Dog AMG-Mercedes 21 Mercedes Deutschland Bernd Mayländer
40%
DaimlerChrysler Bank AMG-Mercedes 2 Mercedes Niederlande Christijan Albers
40%
Audi Sport Infineon Team Joest 44 Audi Italien Emanuele Pirro
40%
AMG-Mercedes 8 Mercedes Frankreich Jean Alesi
40%
OPC Euroteam 16 Opel Niederlande Jeroen Bleekemolen
40%
OPC Team Holzer(10) 10 Opel Deutschland Manuel Reuter
40%
Audi Sport Team Abt 6 Audi Deutschland Martin Tomczyk
40%
OPC Team Phoenix(10) 14 Opel Großbritannien Peter Dumbreck
40%
OPC Team Holzer 9 Opel Deutschland Heinz-Harald Frentzen
20%
Sonax Dark Dog AMG-Mercedes 20 Mercedes Tschechien Jarek Janis
20%
OPC Team Phoenix 3 Opel Schweiz Marcel Fässler
20%
Original-Teile AMG-Mercedes 17 Mercedes Deutschland Markus Winkelhock
20%
Audi Sport Team Abt(1) 23 Audi Deutschland Peter Terting
20%
Audi Sport Infineon Team Joest(1) 22 Audi Italien Rinaldo Capello
20%
Original-Teile AMG-Mercedes 18 Mercedes Deutschland Stefan Mücke
20%
Keine übereinstimmenden Quizze gefunden
Verteilung der Resultate
Anzahl Personen mit jedem Resultat
Perzentil nach korrekt beantworteten Fragen
Ihre Resultats-Entwicklung
Sie haben dieses Quiz noch nicht gespielt